[Event "Memorial Nicola Palladino A"]
[Site "Milano ITA"]
[Date "2012.04.09"]
[Round "5"]
[White "Virzi, Ettore"]
[Black "Vallone, Ugo"]
[Result "1/2-1/2"]
[WhiteElo "1944"]
[BlackElo "1934"]
[PlyCount "161"]
[EventDate "2012.04.05"]

1. e4 c6 2. d4 d5 3. exd5 cxd5 4. c4 Be6 5. Nc3 Nf6 6. Nf3 dxc4 7. Ne5 Nc6 8.
Qa4 Qa5 9. Qxa5 Nxa5 10. Nb5 Kd8 11. Bd2 Nc6 12. Nxc6+ bxc6 13. Ba5+ Kd7 14.
Nc7 Rb8 15. Nxe6 Kxe6 16. Bxc4+ Nd5 17. b3 g6 18. O-O Bh6 19. Rae1+ Kd7 20. Re2
e6 21. g3 Bg7 22. Rd1 h5 23. h4 Bf6 24. Rd3 g5 25. hxg5 Bxg5 26. Bd2 Bf6 27.
Rf3 Ke7 28. Bxd5 cxd5 29. a3 Bg7 30. Bb4+ Ke8 31. Bc5 a6 32. b4 Rh6 33. a4 Rg6
34. Kg2 Rg4 35. Rd3 Bf8 36. f3 Rg8 37. Rc2 Be7 38. Bxe7 Kxe7 39. Rc7+ Kf6 40.
Rb3 Rg5 41. b5 axb5 42. axb5 Rb6 43. Rc6 Rxc6 44. bxc6 Rg8 45. Kf2 Rc8 46. Rb6
Kf5 47. Ke3 f6 48. Ra6 e5 49. g4+ hxg4 50. fxg4+ Kxg4 51. dxe5 fxe5 52. Ra5
Rxc6 53. Rxd5 Kf5 54. Ra5 Rc3+ 55. Ke2 Kf4 56. Ra8 Rh3 57. Ra4+ e4 58. Ra8 Rh2+
59. Ke1 Kf3 60. Re8 Ke3 61. Kf1 Rh1+ 62. Kg2 Rd1 63. Re7 Kd3 64. Kf2 Rd2+ 65.
Ke1 Rh2 66. Re8 Ke3 67. Kf1 Rh4 68. Re7 Rf4+ 69. Ke1 Rf5 70. Ra7 Kf3 71. Ra3+
e3 72. Ra8 Rf4 73. Re8 Rh4 74. Rf8+ Ke4 75. Re8+ Kd3 76. Rd8+ Rd4 77. Rxd4+
Kxd4 78. Ke2 Ke4 79. Ke1 Kd3 80. Kd1 e2+ 81. Ke1 1/2-1/2

[Event "Memorial Nicola Palladino A"]
[Site "Milano ITA"]
[Date "2012.04.09"]
[Round "6"]
[White "Bozzali, Ermanno"]
[Black "Tarelli, Daniele"]
[Result "1/2-1/2"]
[WhiteElo "2123"]
[BlackElo "1905"]
[PlyCount "128"]
[EventDate "2012.04.05"]

1. e4 c6 2. d4 d5 3. Nc3 dxe4 4. Nxe4 Bf5 5. Ng3 Bg6 6. Nf3 Nf6 7. Ne5 Nbd7 8.
Nxg6 hxg6 9. h4 e6 10. c3 Bd6 11. Qf3 Qc7 12. Ne4 Nxe4 13. Qxe4 Nf6 14. Qf3
O-O-O 15. Bg5 Be7 16. O-O-O Nd5 17. Bxe7 Qxe7 18. Bd3 Qf6 19. Qxf6 gxf6 20. g3
f5 21. Be2 Rh7 22. Bf3 Rdh8 23. Rhe1 f4 24. c4 Nf6 25. d5 cxd5 26. cxd5 Nxd5
27. Bxd5 exd5 28. Rxd5 fxg3 29. fxg3 Rh5 30. Rxh5 Rxh5 31. Rf1 f5 32. Kd2 Kd7
33. Ke3 Ke6 34. Kf4 Rh8 35. Rc1 Rd8 36. Rc4 Kf6 37. Rb4 Rd7 38. a4 Rc7 39. b3
Rd7 40. Rc4 Rd6 41. b4 Re6 42. b5 Rb6 43. Rd4 a6 44. bxa6 bxa6 45. a5 Re6 46.
Rb4 Re5 47. Rb6+ Re6 48. Rxe6+ Kxe6 49. Kg5 Kf7 50. Kh6 Kf6 51. Kh7 g5 52.
hxg5+ Kxg5 53. Kg7 f4 54. gxf4+ Kxf4 55. Kf6 Kg4 56. Ke6 Kg5 57. Kd5 Kf5 58.
Kc6 Ke6 59. Kb7 Kd7 60. Kxa6 Kc6 61. Ka7 Kc7 62. a6 Kc8 63. Kb6 Kb8 64. a7+ Ka8
1/2-1/2

[Event "Memorial Nicola Palladino A"]
[Site "Milano ITA"]
[Date "2012.04.09"]
[Round "6"]
[White "Di Chiara, Mauro"]
[Black "Motola, Jacopo"]
[Result "1-0"]
[WhiteElo "1977"]
[BlackElo "1932"]
[PlyCount "135"]
[EventDate "2012.04.05"]

1. d4 Nc6 2. Nf3 d6 3. d5 Nb8 4. c4 Nf6 5. Nc3 g6 6. e4 Bg7 7. Be2 O-O 8. O-O
Nbd7 9. Be3 Ng4 10. Bd4 Nge5 11. Nxe5 Nxe5 12. f4 Nd7 13. Bxg7 Kxg7 14. Qd4+
Kg8 15. Bg4 c5 16. Qd2 Nb6 17. Bxc8 Qxc8 18. Qe2 Rb8 19. e5 Qd7 20. a4 Na8 21.
Ne4 Kg7 22. Ng5 h6 23. e6 Qc8 24. Nxf7 Rxf7 25. exf7 Kxf7 26. Rae1 Qd7 27. Qe6+
Qxe6 28. Rxe6 Nc7 29. Re3 Na6 30. Rfe1 Re8 31. Re6 Nc7 32. R6e4 Na6 33. g4 Nb4
34. R1e2 Nd3 35. h4 a5 36. Kg2 e5 37. dxe6+ Rxe6 38. Rxe6 Nxf4+ 39. Kf2 Nxe6
40. Ke3 Nd4 41. Rf2+ Ke7 42. Ke4 Ne6 43. Re2 Kd7 44. Re1 Ng7 45. Kd5 h5 46.
gxh5 Nxh5 47. Rf1 Ke7 48. Re1+ Kd7 49. Ke4 Ke6 50. Kf3+ Kf7 51. Re3 Nf6 52. Rb3
Nd7 53. Rxb7 Ke6 54. Kf4 Ne5 55. b3 Kf6 56. Rb5 Nd3+ 57. Ke4 Nc1 58. Kd5 Kf5
59. Kxd6 Kg4 60. Kxc5 Kxh4 61. Kd4 g5 62. Ke3 g4 63. Rb8 Kg3 64. c5 Kg2 65. c6
g3 66. c7 Kf1 67. c8=Q g2 68. Qxc1# 1-0

[Event "Memorial Nicola Palladino A"]
[Site "Milano ITA"]
[Date "2012.04.09"]
[Round "6"]
[White "Gilardi, Davide"]
[Black "Virzi, Ettore"]
[Result "1-0"]
[WhiteElo "1976"]
[BlackElo "1944"]
[PlyCount "55"]
[EventDate "2012.04.05"]

1. d4 Nf6 2. c4 g6 3. Nc3 d5 4. cxd5 Nxd5 5. e4 Nxc3 6. bxc3 Bg7 7. Bc4 c5 8.
Ne2 O-O 9. O-O Nc6 10. Be3 Na5 11. Bd3 b6 12. Qd2 e5 13. d5 f5 14. Bg5 Qd6 15.
f4 c4 16. Bc2 Bd7 17. Kh1 Rae8 18. Rae1 Nb7 19. Ng3 h6 20. fxe5 Qxe5 21. Bxh6
Qxc3 22. Qg5 Qxc2 23. Bxg7 Kxg7 24. Nh5+ Kh7 25. Nf6+ Kg7 26. Nxe8+ Rxe8 27. e5
Qd3 28. Qf6+ 1-0

[Event "Memorial Nicola Palladino A"]
[Site "Milano ITA"]
[Date "2012.04.09"]
[Round "6"]
[White "Guzzetti, Luigi Enrico"]
[Black "Cazzaniga, Walter"]
[Result "0-1"]
[WhiteElo "1943"]
[BlackElo "2124"]
[PlyCount "106"]
[EventDate "2012.04.05"]

1. e4 c5 2. Nf3 d6 3. d4 cxd4 4. Nxd4 Nf6 5. Nc3 g6 6. Be2 Bg7 7. Be3 O-O 8.
O-O Nc6 9. Qd2 Bd7 10. f3 a6 11. Nd5 Nxd5 12. exd5 Nxd4 13. Bxd4 Bxd4+ 14. Qxd4
Rc8 15. c4 Qc7 16. Rfc1 a5 17. a3 a4 18. Rc3 Qc5 19. Qxc5 Rxc5 20. b4 Rc7 21.
Rac1 Rfc8 22. Kf2 e6 23. dxe6 fxe6 24. Ke3 Kf7 25. f4 b6 26. g4 h6 27. Kd4 g5
28. fxg5 hxg5 29. h3 Ke7 30. c5 bxc5+ 31. bxc5 e5+ 32. Ke4 Bc6+ 33. Kf5 Rf8+
34. Kxg5 d5 35. Rf3 Rxf3 36. Bxf3 Ke6 37. h4 e4 38. Bd1 Ke5 39. h5 d4 40. h6 d3
41. Kh4 e3 42. Kg3 Kd4 43. g5 Be4 44. Bf3 d2 45. Rh1 e2 46. Bxe2 Bxh1 47. g6
Be4 48. g7 Bh7 49. Bd1 Rxc5 50. Kg4 Rc1 51. Bxa4 d1=Q+ 52. Bxd1 Rxd1 53. a4 Ke4
0-1

[Event "Memorial Nicola Palladino A"]
[Site "Milano ITA"]
[Date "2012.04.09"]
[Round "6"]
[White "Martinez, Rolly"]
[Black "Gonella, Daniele"]
[Result "1/2-1/2"]
[WhiteElo "2419"]
[BlackElo "2112"]
[PlyCount "54"]
[EventDate "2012.04.05"]

1. e4 e5 2. Nf3 Nc6 3. Nc3 Nf6 4. Bb5 Bc5 5. Nxe5 Nxe5 6. d4 Bb4 7. dxe5 Nxe4
8. Qd4 Nxc3 9. bxc3 Be7 10. e6 fxe6 11. Qxg7 Bf6 12. Qg3 c6 13. Be2 Qa5 14. O-O
Qxc3 15. Bh5+ Ke7 16. Be3 Qe5 17. Qf3 Qd5 18. Qe2 Bxa1 19. Rxa1 Rg8 20. f4 b6
21. Bf3 Ba6 22. Qf2 Qf5 23. Qh4+ Qf6 24. Qe1 Bc4 25. Qb4+ c5 26. Qxc4 Qxa1+ 27.
Kf2 Raf8 1/2-1/2

[Event "Memorial Nicola Palladino A"]
[Site "Milano ITA"]
[Date "2012.04.09"]
[Round "6"]
[White "Pelizzola, Danilo"]
[Black "Gagliardi, Christian"]
[Result "0-1"]
[WhiteElo "2010"]
[BlackElo "2233"]
[PlyCount "78"]
[EventDate "2012.04.05"]

1. e4 c5 2. Nf3 e6 3. d4 cxd4 4. Nxd4 Nc6 5. Be3 Nf6 6. Bd3 a6 7. O-O Qc7 8.
Qe2 Ne5 9. h3 Bc5 10. Nd2 O-O 11. Rac1 Ng6 12. N2b3 Ba7 13. Nf3 Bb8 14. Rfe1 d6
15. Nbd2 d5 16. c4 dxe4 17. Nxe4 Nxe4 18. Bxe4 f5 19. Bb1 e5 20. Nh2 e4 21. Nf1
Kh8 22. Bd4 Nf4 23. Qe3 Ne6 24. Bc3 Qf7 25. Rcd1 Qg6 26. Bb4 Re8 27. Bd6 Ng5
28. Bxb8 Nf3+ 29. Kh1 Nxe1 30. Bg3 Nd3 31. Bxd3 exd3 32. Qxd3 Be6 33. b3 Qf6
34. Bc7 Rac8 35. Bb6 Bxc4 36. bxc4 Qxb6 37. Qxf5 Rf8 38. Qg4 Qxf2 39. Ng3 Qf4
0-1

[Event "Memorial Nicola Palladino A"]
[Site "Milano ITA"]
[Date "2012.04.09"]
[Round "6"]
[White "Petrone, Gianmario"]
[Black "Gallucci, Alessio"]
[Result "0-1"]
[WhiteElo "1899"]
[BlackElo "2238"]
[PlyCount "82"]
[EventDate "2012.04.05"]

1. e4 c5 2. Nf3 Nc6 3. d4 cxd4 4. Nxd4 g6 5. c4 Bg7 6. Be3 d6 7. Nc3 Nf6 8. Be2
O-O 9. O-O Nxd4 10. Bxd4 Bd7 11. f3 Bc6 12. Rc1 Qa5 13. b3 Rfc8 14. Qd3 Nd7 15.
Bxg7 Kxg7 16. Nd5 Bxd5 17. exd5 b5 18. Qc3+ Qxc3 19. Rxc3 bxc4 20. Bxc4 Kf6 21.
Kf2 Nb6 22. Rfc1 a5 23. Ke3 Rc5 24. Kd4 Rac8 25. R1c2 h5 26. a3 Nxd5 27. Bxd5
e5+ 28. Kd3 Rxd5+ 29. Ke2 Rxc3 30. Rxc3 Ke6 31. b4 axb4 32. axb4 Kd7 33. h3 h4
34. Rc4 g5 35. Rg4 f6 36. Ke3 Rd1 37. Rc4 Rg1 38. Kf2 Rb1 39. Rg4 d5 40. Ke3
d4+ 41. Ke4 Ke6 0-1

[Event "Memorial Nicola Palladino A"]
[Site "Milano ITA"]
[Date "2012.04.09"]
[Round "6"]
[White "Sbarra, Marco"]
[Black "Altini, Nicola"]
[Result "1/2-1/2"]
[WhiteElo "2305"]
[BlackElo "2242"]
[PlyCount "84"]
[EventDate "2012.04.05"]

1. d4 d5 2. c4 c6 3. Nf3 Nf6 4. e3 Bf5 5. Nc3 e6 6. Nh4 Bg6 7. Nxg6 hxg6 8. Bd2
Nbd7 9. Qf3 a6 10. cxd5 exd5 11. g4 Bb4 12. Bd3 Qe7 13. O-O-O Bxc3 14. Bxc3 Ne4
15. Be1 c5 16. dxc5 Nexc5 17. Bc2 Qe5 18. Qe2 Rc8 19. f3 Nf6 20. Bc3 Qe6 21. g5
Nh5 22. Rhe1 O-O 23. Rd4 b5 24. Red1 Rfe8 25. Re1 Nd7 26. Kb1 Nb6 27. Rg4 Rxc3
28. bxc3 Qd6 29. Bb3 Qc6 30. Qd2 Nc4 31. Bxc4 dxc4 32. Qe2 Qc5 33. Rd4 Qxg5 34.
Qd2 Kh7 35. Rd5 Qf6 36. f4 Qe6 37. Re5 Qc6 38. Rxe8 Qxe8 39. e4 a5 40. e5 Qe6
41. Re4 Qb6 42. Kb2 Qg1 1/2-1/2

[Event "Memorial Nicola Palladino A"]
[Site "Milano ITA"]
[Date "2012.04.09"]
[Round "6"]
[White "Vallone, Ugo"]
[Black "Marchini, Daniele"]
[Result "1-0"]
[WhiteElo "1934"]
[BlackElo "1845"]
[PlyCount "99"]
[EventDate "2012.04.05"]

1. d4 Nf6 2. f3 d5 3. c4 e6 4. Nc3 Bb4 5. e3 c5 6. a3 Bxc3+ 7. bxc3 cxd4 8.
cxd4 O-O 9. Qc2 Re8 10. Bb2 Nc6 11. f4 Ne4 12. Nf3 Qa5+ 13. Nd2 Nxd2 14. Qxd2
Qxd2+ 15. Kxd2 Na5 16. Kc3 Bd7 17. Rc1 Rac8 18. c5 b6 19. Ba6 Rc7 20. Kb4 Nc6+
21. Kb3 Rb8 22. Ka2 b5 23. Rb1 Na5 24. Bc1 Nc4 25. Rd1 f6 26. Rb4 e5 27. fxe5
fxe5 28. Rf1 exd4 29. exd4 Bc6 30. a4 Re7 31. axb5 Re2+ 32. Kb3 Bb7 33. Bf4
Rbe8 34. Bxb7 Na5+ 35. Kc3 Nxb7 36. Ra4 Ra8 37. b6 Nd8 38. Bc7 Nc6 39. Rf5 Rae8
40. Rxd5 axb6 41. cxb6 R2e3+ 42. Kc4 Rc8 43. Rd6 Nb8 44. Ra8 Ree8 45. Kd5 Kf7
46. Rxb8 Rxb8 47. Rd7+ Kf8 48. Bxb8 Rxb8 49. Kc6 Ke8 50. Rxg7 1-0